000 00728nam a22002057a 4500
999 _c9608
_d9608
003 AR-CdUCM
008 190328b ||||| |||| 00| 0 spa d
040 _aMUNICIPALIDAD PROVINCIAL DEL CUSCO
_cBIBLIOTECA MUNICIPAL DEL CUSCO
082 _a985.015 /
_bT35 / 1960
100 _aTello, Julio C.
_925927
245 _aChavin :
_bcultura matriz de la civilización andina - 1° parte /
260 _aLima :
_bSan Marcos,
_c1960.
300 _a425 páginas ;
_bfotografías.
_c25 cm.
505 _aMedio geográfico andino -- Cultura andina -- Civilización andina -- Cultura chavin...
650 _aChavin.
_925928
650 _aChavin de Huantar.
_925929
650 _aArqueología.
_9371
942 _2ddc
_cLIBROS
945 _awfj